Veřejné rozpočty zemí Evropské unie – vývoj a problémy v krizovém období let 2007 až 2010

Tendencia k nepriaznivým bilanciám verejných rozpočtov vo väčšine krajín Európskej únie. Popis a zhrnutie príčin daného stavu. Náčrt možných perspektív riešenia celého problému.

Guardado en:
Detalles Bibliográficos
Autor principal: Karpová, Eva
Formato: Capítulo de libro
Lenguaje:checo
Materias:
Etiquetas: Agregar Etiqueta
Sin Etiquetas, Sea el primero en etiquetar este registro!

MARC

LEADER 00000naa a2200000 4500
001 0161813
005 20231204125433.1
041 0 |a cze 
044 |a CZ 
245 1 0 |a Veřejné rozpočty zemí Evropské unie – vývoj a problémy v krizovém období let 2007 až 2010  |c Eva Karpová 
520 |a Tendencia k nepriaznivým bilanciám verejných rozpočtov vo väčšine krajín Európskej únie. Popis a zhrnutie príčin daného stavu. Náčrt možných perspektív riešenia celého problému. 
610 2 0 |a rozpočty verejné 
610 2 0 |a Európska únia 
610 2 0 |a kríza hospodárska 
610 2 0 |a bilancia ekonomická 
610 2 0 |a inflácia 
610 2 0 |a výdavky rozpočtu štátneho 
610 2 0 |a porovnanie medzinárodné 
100 1 |a Karpová, Eva